Ultimo round.

Saved in:
Bibliographic Details
Main Author: Cortázar, Julio
Format: Book
Language:Spanish
Published: [S.l.] : [s.n.], [1974].
Edition:4a ed.
LEADER 00827nam a2200217 4500
001 c000020934
003 CARM
005 00000000000000.0
008 910716s1974 xx 0001 spa S
019 1 |a 8777018  |5 LACONCORD2021 
035 |a (OCoLC)1325906  |5 LACONCORD2021 
100 1 |a Cortázar, Julio. 
245 0 0 |a Ultimo round. 
250 |a 4a ed. 
260 |a [S.l.] :  |b [s.n.],  |c [1974]. 
300 |a 2 v. 
852 8 |b CARM  |h A2:AE20G0  |i A00317  |p 0056664  |f BK 
852 8 |b CARM  |h A2:AE20G0  |i A00317  |p 0056663  |f BK 
999 f f |i 09be07f7-51a1-5c79-8267-8de602777452  |s b3133fc0-9d3c-5a21-88da-ed6034b16f03 
952 f f |p Can circulate  |a CAVAL  |b CAVAL  |c CAVAL  |d CARM 1 Store  |e A00317  |f A2:AE20G0  |h Other scheme  |i book  |j v.1 held  |m 0056664 
952 f f |p Can circulate  |a CAVAL  |b CAVAL  |c CAVAL  |d CARM 1 Store  |e A00317  |f A2:AE20G0  |h Other scheme  |i book  |j v.2 held  |m 0056663